[Event "Bundesliga 2022-23"]
[Site "Bremen GER"]
[Date "2023.03.19"]
[Round "11.3"]
[Board "5"]
[White "Efimenko, Zahar"]
[Black "Jaracz, Pawel"]
[Result "1/2-1/2"]
[WhiteTitle "GM"]
[BlackTitle "GM"]
[WhiteElo "2599"]
[BlackElo "2463"]
[WhiteTeam "SV Werder Bremen"]
[BlackTeam "SC Remagen Sinzig"]
[WhiteFideId "14107201"]
[BlackFideId "1102222"]
[EventDate "2022.10.22"]

1. Nf3 b6 2. e4 Bb7 3. Nc3 e6 4. d4 Nf6 5. e5 Nd5 6. Nxd5 Bxd5 7. Be2 d6 8. O-O
Nd7 9. Bf4 Be7 10. c4 Bb7 11. Qa4 O-O 12. Rad1 d5 13. Qb3 a6 14. c5 a5 15. cxb6
Nxb6 16. Nd2 Ba6 17. Bxa6 Rxa6 18. Rc1 Nd7 19. Qb5 Rb6 20. Qxa5 Rxb2 21. Qxc7
Rxa2 22. Qb7 Re8 23. Rc7 Rb2 24. Qc6 Nf8 25. g3 Ng6 26. Be3 Qa8 27. Qc3 Rb7 28.
Rxb7 Qxb7 29. Rb1 1/2-1/2

[Event "Bundesliga 2022-23"]
[Site "Bremen GER"]
[Date "2023.03.19"]
[Round "11.3"]
[Board "6"]
[White "Dgebuadze, Alexandre"]
[Black "Hracek, Zbynek"]
[Result "1/2-1/2"]
[WhiteTitle "GM"]
[BlackTitle "GM"]
[WhiteElo "2430"]
[BlackElo "2542"]
[WhiteTeam "SC Remagen Sinzig"]
[BlackTeam "SV Werder Bremen"]
[WhiteFideId "203882"]
[BlackFideId "300071"]
[EventDate "2022.10.22"]

1. c4 e6 2. Nf3 d5 3. e3 Nf6 4. Nc3 Bd6 5. a3 O-O 6. Be2 dxc4 7. Bxc4 a6 8. Qc2
Nbd7 9. b4 b5 10. Bd3 Bb7 11. Bb2 c5 12. Ng5 h6 13. Bh7+ Kh8 14. Be4 cxb4 15.
axb4 Nxe4 16. Ncxe4 Bxe4 17. Nxe4 Bxb4 18. Bxg7+ Kxg7 19. Qb2+ Nf6 20. Qxb4 Nxe4
21. Qxe4 a5 22. Ke2 Qd6 23. Rhc1 Rfd8 24. d4 b4 25. Rc6 Qd5 26. Qxd5 Rxd5 27.
Kd3 Rb8 1/2-1/2

[Event "Bundesliga 2022-23"]
[Site "Bremen GER"]
[Date "2023.03.19"]
[Round "11.3"]
[Board "7"]
[White "Pruijssers, Roeland"]
[Black "Geirnaert, Steven"]
[Result "1/2-1/2"]
[WhiteTitle "GM"]
[BlackTitle "IM"]
[WhiteElo "2555"]
[BlackElo "2399"]
[WhiteTeam "SV Werder Bremen"]
[BlackTeam "SC Remagen Sinzig"]
[WhiteFideId "1013068"]
[BlackFideId "203866"]
[EventDate "2022.10.22"]

1. e4 d5 2. exd5 Qxd5 3. Nc3 Qa5 4. d4 Nf6 5. Nf3 c6 6. Bd2 Qb6 7. Bc4 Bf5 8.
Qe2 e6 9. O-O-O Nbd7 10. h3 Bg6 11. Rhe1 O-O-O 12. a3 Qc7 13. Bg5 Qa5 14. Bd2
Qc7 15. Kb1 Nb6 16. Bb3 Kb8 17. Ka1 Ka8 18. Na2 c5 19. dxc5 Bxc5 20. Nc3 a6 21.
Ne5 Rd4 22. Nxg6 hxg6 23. Be3 Rd7 24. Rxd7 Nbxd7 25. Na4 Bxe3 26. Qxe3 1/2-1/2

[Event "Bundesliga 2022-23"]
[Site "Bremen GER"]
[Date "2023.03.19"]
[Round "11.3"]
[Board "8"]
[White "Mainka, Romuald"]
[Black "Wachinger, Nikolas"]
[Result "0-1"]
[WhiteTitle "GM"]
[BlackTitle "IM"]
[WhiteElo "2366"]
[BlackElo "2432"]
[WhiteTeam "SC Remagen Sinzig"]
[BlackTeam "SV Werder Bremen"]
[WhiteFideId "4600258"]
[BlackFideId "12962791"]
[EventDate "2022.10.22"]

1. e4 c5 2. Nf3 d6 3. g3 Nf6 4. d3 g6 5. Bg2 Bg7 6. O-O O-O 7. Re1 Nc6 8. c3 e5
9. a3 Be6 10. Nbd2 b5 11. Qe2 h6 12. Rb1 Rb8 13. b4 Qe7 14. Bb2 Nd7 15. Qe3 d5
16. exd5 Bxd5 17. Ba1 a5 18. Nh4 Bxg2 19. Kxg2 axb4 20. cxb4 cxb4 21. Qf3 Rfc8
22. d4 bxa3 23. d5 Nb4 24. d6 Qxd6 25. Ne4 Qe7 26. Qxa3 Nc6 27. Qd3 b4 28. Nd6
Rd8 29. Nxg6 fxg6 30. Qd5+ Kh7 31. Qxc6 Qe6 32. Qc7 b3 33. Ne4 Rdc8 34. Qd6 Qxd6
35. Nxd6 Rc2 36. Bb2 Nc5 37. Ba3 b2 38. Bxc5 Rxc5 39. Re2 e4 40. Nxe4 Rc1 41.
Nd2 Rd8 0-1

[Event "Bundesliga 2022-23"]
[Site "Bremen GER"]
[Date "2023.03.19"]
[Round "11.4"]
[Board "1"]
[White "Ivic, Velimir"]
[Black "Kryvoruchko, Yuriy"]
[Result "0-1"]
[WhiteTitle "GM"]
[BlackTitle "GM"]
[WhiteElo "2553"]
[BlackElo "2658"]
[WhiteTeam "SK Kirchweyhe"]
[BlackTeam "SC Viernheim"]
[WhiteFideId "950122"]
[BlackFideId "14109182"]
[EventDate "2022.10.22"]

1. e4 e5 2. Nf3 Nc6 3. Bb5 Nf6 4. O-O Nxe4 5. d4 Nd6 6. Bxc6 dxc6 7. dxe5 Nf5 8.
Qxd8+ Kxd8 9. h3 Bd7 10. Nc3 h6 11. b3 Kc8 12. Bb2 a5 13. Rad1 a4 14. Rd3 axb3
15. axb3 Be7 16. g4 Nh4 17. Nxh4 Bxh4 18. f4 f5 19. exf6 Bxf6 20. Na4 Bxb2 21.
Nxb2 c5 22. Rfd1 Bb5 23. Rd5 b6 24. Nd3 Ra2 25. Ne1 Re8 26. Re5 Rxe5 27. fxe5 c4
28. bxc4 Bxc4 29. Kf2 Ra3 30. Rd4 b5 31. Ng2 Ra4 32. Ke3 g5 33. Kd2 Bf1 34. Rxa4
bxa4 35. Ne3 Bxh3 36. e6 Kd8 37. Nd5 Bxg4 38. e7+ Ke8 39. Nf6+ Kxe7 40. Nxg4 h5 0-1

[Event "Bundesliga 2022-23"]
[Site "Bremen GER"]
[Date "2023.03.19"]
[Round "11.4"]
[Board "2"]
[White "Meier, Georg"]
[Black "Brkic, Ante"]
[Result "1/2-1/2"]
[WhiteTitle "GM"]
[BlackTitle "GM"]
[WhiteElo "2613"]
[BlackElo "2602"]
[WhiteTeam "SC Viernheim"]
[BlackTeam "SK Kirchweyhe"]
[WhiteFideId "4675789"]
[BlackFideId "14506688"]
[EventDate "2022.10.22"]

1. Nf3 d5 2. g3 g6 3. d4 Nf6 4. Bg2 Bg7 5. O-O O-O 6. c4 c6 7. Ne5 Nfd7 8. cxd5
cxd5 9. Bxd5 Nxe5 10. dxe5 Bxe5 11. Nc3 Qb6 12. Bh6 Bg7 13. Qd2 Bxh6 14. Qxh6
Nd7 15. b3 Nf6 16. Rac1 Bd7 17. Bf3 Rac8 18. Qf4 Rfd8 19. Ne4 Nxe4 20. Qxe4 Be6
21. Kg2 Qa6 22. Qe5 Qxa2 23. Ra1 Qxb3 24. Rfb1 Qc3 25. Qxc3 Rxc3 26. Rxb7 Kf8
27. Raxa7 Re8 28. h4 1/2-1/2

[Event "Bundesliga 2022-23"]
[Site "Bremen GER"]
[Date "2023.03.19"]
[Round "11.4"]
[Board "3"]
[White "Markus, Robert"]
[Black "Fedorchuk, Sergey A."]
[Result "1/2-1/2"]
[WhiteTitle "GM"]
[BlackTitle "GM"]
[WhiteElo "2615"]
[BlackElo "2619"]
[WhiteTeam "SK Kirchweyhe"]
[BlackTeam "SC Viernheim"]
[WhiteFideId "921637"]
[BlackFideId "14102536"]
[EventDate "2022.10.22"]

1. c4 Nf6 2. Nc3 e5 3. Nf3 Nc6 4. a3 d5 5. cxd5 Nxd5 6. Qc2 Be7 7. e4 Nb6 8. Bb5
Qd6 9. O-O O-O 10. Bxc6 bxc6 11. d3 Rd8 12. Be3 Ba6 13. Ne1 Bxd3 14. Nxd3 Qxd3
15. Rac1 Nc4 16. Nd5 Qxc2 17. Nxe7+ Kf8 18. Rxc2 Nxe3 19. fxe3 Kxe7 20. Rxc6 Rd7
21. Rfc1 Kd8 22. Kf1 1/2-1/2

[Event "Bundesliga 2022-23"]
[Site "Bremen GER"]
[Date "2023.03.19"]
[Round "11.4"]
[Board "5"]
[White "Jovanovic, Zoran"]
[Black "Buhmann, Rainer"]
[Result "1/2-1/2"]
[WhiteTitle "GM"]
[BlackTitle "GM"]
[WhiteElo "2519"]
[BlackElo "2561"]
[WhiteTeam "SK Kirchweyhe"]
[BlackTeam "SC Viernheim"]
[WhiteFideId "14505320"]
[BlackFideId "4651340"]
[EventDate "2022.10.22"]

1. e4 c6 2. Nf3 d5 3. Nc3 dxe4 4. Nxe4 Nf6 5. Qe2 Nxe4 6. Qxe4 Qd5 7. Qh4 Qf5 8.
Bd3 Qg4 9. Qg3 g6 10. O-O Qxg3 11. hxg3 Bg7 12. Re1 Nd7 13. Bc4 Nb6 14. Bb3 a5
15. a4 Nd5 16. d4 Be6 17. Ng5 Bf5 18. c3 h6 19. Ne4 O-O-O 20. f3 g5 21. Nd2 Be6
22. Nc4 1/2-1/2

[Event "Bundesliga 2022-23"]
[Site "Bremen GER"]
[Date "2023.03.19"]
[Round "11.4"]
[Board "6"]
[White "Maze, Sebastien"]
[Black "Kovacevic, Aleksandar"]
[Result "1/2-1/2"]
[WhiteTitle "GM"]
[BlackTitle "GM"]
[WhiteElo "2530"]
[BlackElo "2471"]
[WhiteTeam "SC Viernheim"]
[BlackTeam "SK Kirchweyhe"]
[WhiteFideId "613762"]
[BlackFideId "903124"]
[EventDate "2022.10.22"]

1. e4 c5 2. Nf3 d6 3. d4 cxd4 4. Nxd4 Nf6 5. Nc3 a6 6. g3 e5 7. Nb3 Be7 8. Bg2
b5 9. a4 b4 10. Nd5 Nxd5 11. Qxd5 Ra7 12. Be3 Be6 13. Qa5 Qxa5 14. Nxa5 Rc7 15.
O-O-O Nd7 16. b3 Nc5 17. Kb1 O-O 18. Rd2 Rfc8 19. Rhd1 g6 20. f3 f5 21. exf5
Bxf5 22. Bxc5 Rxc5 23. Nc4 Rxc4 24. bxc4 b3 25. Rd3 bxc2+ 26. Kxc2 d5 27. Kb2
Bxd3 28. Rxd3 dxc4 29. Rd7 Bb4 30. Bh3 Rc6 31. Rd8+ Kg7 32. Rd7+ Kg8 33. Kc2 a5
34. Bf1 c3 35. Bd3 Rf6 36. Be4 Rd6 37. Rxd6 Bxd6 1/2-1/2

[Event "Bundesliga 2022-23"]
[Site "Bremen GER"]
[Date "2023.03.19"]
[Round "11.4"]
[Board "7"]
[White "Palac, Mladen"]
[Black "Libiszewski, Fabien"]
[Result "1/2-1/2"]
[WhiteTitle "GM"]
[BlackTitle "GM"]
[WhiteElo "2516"]
[BlackElo "2512"]
[WhiteTeam "SK Kirchweyhe"]
[BlackTeam "SC Viernheim"]
[WhiteFideId "14500116"]
[BlackFideId "616834"]
[EventDate "2022.10.22"]

1. e4 c5 2. Nf3 Nc6 3. Bb5 g6 4. O-O Bg7 5. Bxc6 dxc6 6. d3 Nf6 7. h3 Nd7 8. Nc3
e5 9. Be3 b6 10. Qd2 h6 11. Nh2 Nf8 12. f4 exf4 13. Bxf4 Ne6 14. Bg3 Qg5 15. Qe1
Nd4 16. Qf2 O-O 17. Bd6 Bxh3 18. Bf4 Qxg2+ 19. Qxg2 Bxg2 20. Kxg2 Nxc2 1/2-1/2

[Event "Bundesliga 2022-23"]
[Site "Bremen GER"]
[Date "2023.03.19"]
[Round "11.4"]
[Board "8"]
[White "Zaragatski, Ilja"]
[Black "Zelcic, Robert"]
[Result "0-1"]
[WhiteTitle "GM"]
[BlackTitle "GM"]
[WhiteElo "2505"]
[BlackElo "2495"]
[WhiteTeam "SC Viernheim"]
[BlackTeam "SK Kirchweyhe"]
[WhiteFideId "4655192"]
[BlackFideId "14500310"]
[EventDate "2022.10.22"]

1. d4 Nf6 2. Nf3 d5 3. c4 e6 4. e3 Be7 5. b3 O-O 6. Bb2 c5 7. Nbd2 cxd4 8. exd4
b6 9. Bd3 Bb7 10. O-O Nbd7 11. Rc1 Rc8 12. Qe2 Bb4 13. a3 Bd6 14. Ne5 Qe7 15.
Ra1 Rfd8 16. f4 Nf8 17. Qe3 dxc4 18. bxc4 b5 19. cxb5 Nd5 20. Qh3 f6 21. Ndc4
Rxc4 22. Nxc4 Nxf4 23. Rxf4 Bxf4 24. Na5 Bd5 25. Nc6 Bxc6 26. bxc6 Qc7 27. Qf3
Bxh2+ 28. Kh1 Bd6 29. Bc4 Qf7 30. Re1 Bc7 31. Bc3 h6 32. a4 Qe7 33. Qh3 Qa3 34.
Bxe6+ Nxe6 35. Rxe6 Qxa4 36. Qh5 Qc2 37. Re7 Kh8 38. Qf7 Rg8 39. Be1 Qb1 40.
Rxc7 Qxe1+ 41. Kh2 Qh4+ 42. Kg1 Qxd4+ 43. Kh1 Qd1+ 44. Kh2 Qd6+ 45. Kh3 Kh7 46.
Kg4 Qd4+ 47. Kf3 Qd3+ 48. Kg4 Qe4+ 49. Kh3 Qf5+ 50. Kh2 Qe5+ 51. Kh3 a5 52. Qd7
Qh5+ 53. Kg3 Qg6+ 54. Kh2 Re8 55. Rc8 Qh5+ 56. Kg1 Re1+ 57. Kf2 Qe2+ 58. Kg3
Qe5+ 0-1

[Event "Bundesliga 2022-23"]
[Site "Deggendorf GER"]
[Date "2023.03.19"]
[Round "11.5"]
[Board "1"]
[White "Narayanan, S.L."]
[Black "Nisipeanu, Liviu-Dieter"]
[Result "1/2-1/2"]
[WhiteTitle "GM"]
[BlackTitle "GM"]
[WhiteElo "2663"]
[BlackElo "2615"]
[WhiteTeam "SV Deggendorf"]
[BlackTeam "USV TU Dresden"]
[WhiteFideId "5058422"]
[BlackFideId "1202758"]
[EventDate "2022.10.22"]

1. c4 e6 2. Nc3 d5 3. d4 Nf6 4. cxd5 exd5 5. Bg5 c6 6. e3 Be7 7. Bd3 O-O 8. Nf3
h6 9. Bf4 c5 10. dxc5 Bxc5 11. O-O Nc6 12. Rc1 Qe7 13. h3 Rd8 14. Nb5 Bb6 15.
Nfd4 Nxd4 16. Nxd4 Bd7 17. Bc7 Rdc8 18. Bxb6 axb6 19. Qb3 Qd6 20. Bf5 Rxc1 21.
Rxc1 Be8 22. Bc8 Ra7 23. a3 g6 24. Qc2 Ra5 25. Qd1 Rc5 26. b4 Rc7 27. Rxc7 Qxc7
28. Qc2 Qe7 29. g3 h5 30. h4 Kf8 31. Bh3 Bd7 32. Bg2 Qd6 33. Qb3 Ke7 34. a4 Qc7
35. Qa3 Ne4 36. a5 Qc3 37. Qxc3 Nxc3 38. axb6 Kd6 39. Nb3 Ke5 1/2-1/2

[Event "Bundesliga 2022-23"]
[Site "Deggendorf GER"]
[Date "2023.03.19"]
[Round "11.5"]
[Board "2"]
[White "Bartel, Mateusz"]
[Black "Sedlak, Nikola"]
[Result "1-0"]
[WhiteTitle "GM"]
[BlackTitle "GM"]
[WhiteElo "2630"]
[BlackElo "2472"]
[WhiteTeam "USV TU Dresden"]
[BlackTeam "SV Deggendorf"]
[WhiteFideId "1112635"]
[BlackFideId "922900"]
[EventDate "2022.10.22"]

1. e4 c6 2. Nf3 d5 3. d3 dxe4 4. dxe4 Qxd1+ 5. Kxd1 Nf6 6. Nbd2 g6 7. Bc4 Bg7 8.
Ne5 O-O 9. Nd3 Nbd7 10. a4 b6 11. f3 a6 12. Bb3 Bb7 13. Nc4 c5 14. Ne3 Rfd8 15.
Ke2 Ne8 16. Rd1 Nc7 17. Nc4 Ne6 18. c3 Rab8 19. Nf4 Nc7 20. a5 b5 21. Nb6 Ne5
22. Be3 c4 23. Bc2 Kf8 24. g4 Ke8 25. Nfd5 Bxd5 26. exd5 Kf8 27. h4 h6 28. g5 h5
29. f4 Ng4 30. Bc5 Ne8 31. Kf3 Nd6 32. Re1 Rb7 33. Re2 Rc7 34. Bb4 Kg8 35. Rae1
Bf8 36. Kg3 Kg7 37. Kh3 f5 38. Kg3 Kf7 39. Re6 Bg7 40. R1e2 Bf8 41. Kg2 Bg7 42.
Kf1 Bh8 43. Ke1 Bg7 44. Kd1 Bh8 45. Kc1 Bg7 46. Kb1 Bh8 47. Ka2 Bg7 48. b3 cxb3+
49. Kxb3 Bf8 50. Bd3 Bg7 51. c4 bxc4+ 52. Bxc4 Ra7 53. Bxa6 Rxa6 54. Rxe7+ Kg8
55. R2e6 Nf7 56. Rxg6 1-0

[Event "Bundesliga 2022-23"]
[Site "Deggendorf GER"]
[Date "2023.03.19"]
[Round "11.5"]
[Board "3"]
[White "Delchev, Aleksander"]
[Black "Pechac, Jergus"]
[Result "1/2-1/2"]
[WhiteTitle "GM"]
[BlackTitle "GM"]
[WhiteElo "2503"]
[BlackElo "2633"]
[WhiteTeam "SV Deggendorf"]
[BlackTeam "USV TU Dresden"]
[WhiteFideId "2900394"]
[BlackFideId "14926970"]
[EventDate "2022.10.22"]

1. d4 Nf6 2. c4 e6 3. Nf3 d5 4. Nc3 Bb4 5. Qa4+ Nc6 6. e3 O-O 7. Bd2 dxc4 8.
Bxc4 Bd6 9. Qc2 e5 10. dxe5 Nxe5 11. Nxe5 Bxe5 12. O-O b6 13. f4 Bd6 14. Be2 Bb7
15. Bf3 Bxf3 16. Rxf3 Re8 17. e4 Bb4 18. Re1 Ng4 19. h3 Bc5+ 20. Kh1 Qh4 21. e5
Nf2+ 22. Kh2 Ng4+ 23. Kh1 Nf2+ 24. Kh2 Ng4+ 1/2-1/2

[Event "Bundesliga 2022-23"]
[Site "Deggendorf GER"]
[Date "2023.03.19"]
[Round "11.5"]
[Board "4"]
[White "Michalik, Peter"]
[Black "Stojanovic, Dalibor"]
[Result "1-0"]
[WhiteTitle "GM"]
[BlackTitle "GM"]
[WhiteElo "2558"]
[BlackElo "2472"]
[WhiteTeam "USV TU Dresden"]
[BlackTeam "SV Deggendorf"]
[WhiteFideId "14907526"]
[BlackFideId "922692"]
[EventDate "2022.10.22"]

1. d4 Nf6 2. c4 g6 3. g3 Bg7 4. Bg2 O-O 5. Nf3 d6 6. O-O Nc6 7. Nc3 e5 8. d5 Ne7
9. e4 h6 10. c5 Ne8 11. cxd6 Nxd6 12. Re1 a5 13. b3 Bd7 14. Bb2 g5 15. h4 gxh4
16. Nxh4 Ng6 17. Nf5 Bxf5 18. exf5 Nxf5 19. Rc1 Nd6 20. Ne4 Nxe4 21. Rxe4 f5 22.
Rec4 Rf7 23. Qh5 Qd6 24. Rc5 a4 25. Bh3 a3 26. Ba1 Raf8 27. Rb5 e4 28. Bc3 e3
29. Bb4 exf2+ 30. Kxf2 Qe5 31. Re1 Qd4+ 32. Kg2 f4 33. Qxg6 fxg3 34. Be6 Qf2+
35. Kh3 Kh8 36. Bxf7 Qh2+ 37. Kg4 g2 38. Bxf8 g1=R+ 39. Rxg1 Qxg1+ 40. Kf5 Qf1+
41. Ke6 Qe2+ 42. Kd7 1-0

[Event "Bundesliga 2022-23"]
[Site "Deggendorf GER"]
[Date "2023.03.19"]
[Round "11.5"]
[Board "5"]
[White "Bogosavljevic, Boban"]
[Black "Vogel, Roven"]
[Result "0-1"]
[WhiteTitle "GM"]
[BlackTitle "IM"]
[WhiteElo "2533"]
[BlackElo "2463"]
[WhiteTeam "SV Deggendorf"]
[BlackTeam "USV TU Dresden"]
[WhiteFideId "931152"]
[BlackFideId "12908088"]
[EventDate "2022.10.22"]

1. Nf3 Nf6 2. g3 d5 3. Bg2 e6 4. O-O Be7 5. d4 O-O 6. c4 dxc4 7. Qc2 a6 8. a4
Bd7 9. Qxc4 Bc6 10. Bf4 Bd6 11. Bg5 Nbd7 12. Nc3 h6 13. Bxf6 Nxf6 14. Rfd1 Qe7
15. Ne5 Bxg2 16. Kxg2 c5 17. Nf3 cxd4 18. Rxd4 b5 19. Qb3 Bc5 20. Rdd1 b4 21.
Nb1 e5 22. e3 Rfd8 23. Nbd2 e4 24. Ne1 Qe5 25. Rac1 h5 26. Qc2 Bf8 27. Nf1 Rxd1
28. Rxd1 Qe6 29. Rd4 Rc8 30. Qe2 Qa2 31. h3 Rc1 32. Rd1 Rxd1 33. Qxd1 Qxb2 34.
Nd2 Qc3 35. Qc2 Nd5 36. Kf1 Qxc2 37. Nxc2 Nc3 38. a5 f6 39. Nb3 Kf7 40. Ncd4 Bd6
41. Ke1 g6 42. g4 h4 43. Kd2 Ke7 44. Kc2 Kd7 45. Nd2 Be5 46. Kb3 Bxd4 47. exd4
f5 48. gxf5 gxf5 49. Kxb4 Nd1 50. Nb3 Nxf2 51. Nc5+ Kd6 52. Nxa6 Nxh3 53. Nc5
Nf4 54. a6 Nd5+ 55. Ka5 Nc7 56. a7 h3 0-1

[Event "Bundesliga 2022-23"]
[Site "Deggendorf GER"]
[Date "2023.03.19"]
[Round "11.5"]
[Board "6"]
[White "Maiwald, Jens-Uwe"]
[Black "Popovic, Dusan"]
[Result "1/2-1/2"]
[WhiteTitle "GM"]
[BlackTitle "GM"]
[WhiteElo "2441"]
[BlackElo "2486"]
[WhiteTeam "USV TU Dresden"]
[BlackTeam "SV Deggendorf"]
[WhiteFideId "4612396"]
[BlackFideId "927031"]
[EventDate "2022.10.22"]

1. d4 g6 2. e4 Bg7 3. Nf3 d6 4. c3 Nf6 5. Bd3 O-O 6. O-O Nc6 7. d5 Nb8 8. h3 e5
9. c4 Nh5 10. Nc3 a5 11. Re1 Na6 12. Bc2 c6 13. Bg5 Qc7 14. Rc1 h6 15. Be3 Nf4
16. Qd2 g5 17. Nh2 f5 18. exf5 Bxf5 19. Bxf5 Rxf5 20. Red1 Nb4 21. Nf1 cxd5 22.
Ng3 Rf7 23. Nxd5 Nbxd5 24. cxd5 Qd7 25. Ne4 g4 26. h4 Raf8 27. Rc4 Qd8 28. Rdc1
Qxh4 29. Rc7 g3 30. Nxg3 Qg4 31. Rxf7 Rxf7 32. Qd1 Qg6 33. Rc8+ Kh7 34. Rd8 Rc7
35. a4 Rf7 36. b3 h5 37. Bxf4 exf4 38. Qxh5+ Qxh5 39. Nxh5 Be5 40. g3 f3 1/2-1/2

[Event "Bundesliga 2022-23"]
[Site "Deggendorf GER"]
[Date "2023.03.19"]
[Round "11.5"]
[Board "7"]
[White "Petrov, Martin"]
[Black "Boensch, Uwe"]
[Result "1-0"]
[WhiteTitle "GM"]
[BlackTitle "GM"]
[WhiteElo "2530"]
[BlackElo "2466"]
[WhiteTeam "SV Deggendorf"]
[BlackTeam "USV TU Dresden"]
[WhiteFideId "2911086"]
[BlackFideId "4611268"]
[EventDate "2022.10.22"]

1. e4 c5 2. Nf3 Nc6 3. d4 cxd4 4. Nxd4 Qb6 5. Nb3 Nf6 6. Nc3 e6 7. Qe2 Bb4 8.
Bd2 d6 9. O-O-O O-O 10. a3 Bxc3 11. Bxc3 e5 12. Rxd6 Nd4 13. Bxd4 Qxd6 14. Bc5
Qc6 15. Bxf8 Kxf8 16. f3 Be6 17. Qb5 Qxb5 18. Bxb5 Bxb3 19. cxb3 Rc8+ 20. Kd2
Ne8 21. Bc4 Nd6 22. Bd5 Ke7 23. a4 Rc7 24. Re1 g5 25. Re3 Rc8 26. Rc3 Kd7 27. b4
h5 28. g3 Rh8 29. f4 f6 30. Ke3 h4 31. fxe5 fxe5 32. Kf3 hxg3 33. hxg3 Rh2 34.
b3 Rd2 35. b5 Rd4 36. Re3 Ke7 37. Kg4 Kf6 38. Kh5 b6 39. g4 Rb4 40. Kh6 Rd4 41.
Re1 Rb4 42. Re2 Rd4 43. Re3 Rb4 44. Re2 Rd4 45. Re1 Rb4 46. Kh7 Rd4 47. Kg8 Rd2
48. Kf8 Nxe4 49. Rh1 1-0

[Event "Bundesliga 2022-23"]
[Site "Deggendorf GER"]
[Date "2023.03.19"]
[Round "11.5"]
[Board "8"]
[White "Moehn, Hans"]
[Black "Kuznecovs, Nikita"]
[Result "1-0"]
[WhiteTitle "FM"]
[BlackTitle "FM"]
[WhiteElo "2363"]
[BlackElo "2301"]
[WhiteTeam "USV TU Dresden"]
[BlackTeam "SV Deggendorf"]
[WhiteFideId "24647837"]
[BlackFideId "11604557"]
[EventDate "2022.10.22"]

1. Nf3 Nf6 2. g3 b5 3. Bg2 Bb7 4. O-O e6 5. d3 d6 6. e4 Be7 7. Nd4 b4 8. Nb3 a5
9. e5 Nd5 10. Qg4 dxe5 11. Qxg7 Bf6 12. Qh6 Nd7 13. a4 Bc6 14. N1d2 Bg5 15. Qh5
Bxd2 16. Bxd2 N5f6 17. Qh4 Bxg2 18. Kxg2 Ra6 19. Bg5 Qa8+ 20. f3 Nd5 21. Rae1
Qc6 22. Rf2 Qxa4 23. Qh6 Rg8 24. Bh4 Nf4+ 25. Kf1 Ng6 26. Qxh7 Rh8 27. Qg7 Qc6
28. Nc1 a4 29. Na2 Rb6 30. Bg5 Qd5 31. Nc1 Ra6 32. b3 Qc5 33. bxa4 Rxa4 34. Nb3
Qf8 35. Qxf8+ Rxf8 36. Re4 f6 37. Bd2 Ne7 38. Rxb4 Ra2 39. c3 Rb2 40. Na5 Rxb4
41. cxb4 Nd5 42. Ke2 Kf7 43. Rf1 Rb8 44. Rc1 Rb5 45. Rc6 Nb8 46. Rc4 Na6 47. Nc6
Nb8 48. h4 Rb6 49. Nxb8 Rxb8 50. d4 exd4 51. Rxd4 Ra8 52. h5 Ra1 53. h6 f5 54.
Rh4 Ra8 55. g4 Rh8 56. g5 e5 57. Rc4 f4 58. Rc5 Ke6 59. Kd3 Rd8 60. Kc2 Kf5 61.
h7 Ne7 62. Rxc7 Ng6 63. Rg7 1-0

[Event "Bundesliga 2022-23"]
[Site "Deggendorf GER"]
[Date "2023.03.19"]
[Round "11.6"]
[Board "1"]
[White "Eljanov, Pavel"]
[Black "Blohberger, Felix"]
[Result "1-0"]
[WhiteTitle "GM"]
[BlackTitle "GM"]
[WhiteElo "2697"]
[BlackElo "2493"]
[WhiteTeam "Muenchener Schachclub 1836"]
[BlackTeam "SF Berlin"]
[WhiteFideId "14102951"]
[BlackFideId "1632051"]
[EventDate "2022.10.22"]

1. d4 d5 2. c4 c6 3. Nf3 Nf6 4. e3 Bf5 5. Nc3 e6 6. Nh4 Be4 7. f3 Bg6 8. Bd2 Be7
9. Nxg6 hxg6 10. Qc2 O-O 11. O-O-O dxc4 12. Bxc4 b5 13. Be2 a6 14. Kb1 Nbd7 15.
e4 Rc8 16. h4 c5 17. d5 e5 18. Bg5 Qb6 19. h5 c4 20. h6 Bc5 21. hxg7 Kxg7 22.
Bh6+ Kg8 23. Bxf8 Nxf8 24. g3 Bd4 25. Bf1 b4 26. Na4 Qb5 27. b3 cxb3 28. Qxb3
Qb7 29. Bh3 Rc7 30. Rc1 Ne8 31. Rxc7 Nxc7 32. Bf1 Nd7 33. Be2 Nb5 34. Bxb5 Qxb5
35. Rc1 a5 36. Rc4 Kg7 37. a3 Nc5 38. Nxc5 Bxc5 39. a4 Qb6 40. Ka2 Bg1 41. Qd3
Qf2+ 42. Kb3 Qe1 43. d6 Qa1 44. d7 Qa3+ 45. Kc2 Qxa4+ 46. Kd2 Bb6 47. Qd6 1-0

[Event "Bundesliga 2022-23"]
[Site "Deggendorf GER"]
[Date "2023.03.19"]
[Round "11.6"]
[Board "2"]
[White "Kaasen, Tor Fredrik"]
[Black "Saric, Ivan"]
[Result "0-1"]
[WhiteTitle "IM"]
[BlackTitle "GM"]
[WhiteElo "2445"]
[BlackElo "2668"]
[WhiteTeam "SF Berlin"]
[BlackTeam "Muenchener Schachclub 1836"]
[WhiteFideId "1516647"]
[BlackFideId "14508150"]
[EventDate "2022.10.22"]

1. d4 d5 2. c4 e6 3. Nf3 a6 4. g3 dxc4 5. Bg2 b5 6. Ne5 c6 7. Nxc6 Qb6 8. Nxb8
Rxb8 9. O-O Bb7 10. e4 Nf6 11. d5 Bc5 12. Nc3 O-O 13. Qc2 exd5 14. exd5 Bd4 15.
Rd1 Ng4 16. Rf1 Rbd8 17. Qf5 Bc8 18. Qc2 Bb7 19. Qf5 Qg6 20. Qxg6 fxg6 21. Bg5
Nxf2 22. Bxd8 Nd3+ 23. Kh1 Rxd8 24. Bh3 Rd6 25. Rad1 b4 26. Ne4 Bxd5 27. Bg2
Bxe4 28. Bxe4 Nxb2 29. Rd2 c3 30. Bc2 h5 31. Re2 Kh7 32. Rf8 Rf6 33. Rd8 Bb6 34.
Rc8 Rf1+ 35. Kg2 Rg1+ 36. Kf3 Rf1+ 37. Kg2 Rg1+ 38. Kh3 Rc1 39. Ree8 Kh6 40.
Bxg6 Kxg6 41. Re6+ Kf5 42. Rxb6 Nd3 43. Rxa6 Rc2 44. Rf8+ Ke5 45. Re8+ Kd5 46.
Rd8+ Kc4 47. Rc8+ Kb5 48. Raa8 Nc5 49. Rab8+ Kc4 50. Ra8 Rd2 51. a3 c2 52. axb4
Kxb4 53. Rab8+ Kc4 54. Ra8 g5 55. Ra5 g4+ 0-1